000
00328nam a2200121Ia 4500
008
220216s9999 xx 000 0 und d
100
_a
Leyden Jerrry J
245
0
_a
Predicting the life of TPE seals in severe service environments
260
_b
Rubber Asia
_c
1993
300
_a
45-54
700
_a
Fulmer Michael S
942
_c
JS
999
_c
65462
_d
65462